Investigating the Impact of Climate Change on Solar PV System Performance and Durability for Sustainable Development / (Record no. 615539)

000 -LEADER
fixed length control field 00536nam a22001577a 4500
082 ## - DEWEY DECIMAL CLASSIFICATION NUMBER
Classification number 621.11
Author Mark RIZ
100 ## - MAIN ENTRY--PERSONAL NAME
Personal name Rizvi, Syed Asad Ali (401617)
245 ## - TITLE STATEMENT
Title Investigating the Impact of Climate Change on Solar PV System Performance and Durability for Sustainable Development /
264 ## - PRODUCTION, PUBLICATION, DISTRIBUTION, MANUFACTURE, AND COPYRIGHT NOTICE
Place of production, publication, distribution, manufacture Islamabad :
Name of producer, publisher, distributor, manufacturer USPCAS-E, NUST
Date of production, publication, distribution, manufacture, or copyright notice August, 2025
300 ## - PHYSICAL DESCRIPTION
Extent xxvi, 170 p.
Accompanying material +CD
520 ## - SUMMARY, ETC.
Summary, etc. TH-652
650 ## - SUBJECT ADDED ENTRY--TOPICAL TERM
Topical term or geographic name entry element MS ESE Thesis
650 ## - SUBJECT ADDED ENTRY--TOPICAL TERM
Topical term or geographic name entry element MS Thesis
700 ## - ADDED ENTRY--PERSONAL NAME
Personal name Supervisor: Dr. Abeera Ayaz Ansari
942 ## - ADDED ENTRY ELEMENTS (KOHA)
Source of classification or shelving scheme
Koha item type Thesis
Holdings
Withdrawn status Permanent Location Current Location Date acquired Full call number Barcode Koha item type
  US-Pakistan Center for Advanced Studies in Energy (USPCAS-E) US-Pakistan Center for Advanced Studies in Energy (USPCAS-E) 12/16/2025 621.11 RIZ CAS-ETH0000652 Thesis
© 2023 Central Library, National University of Sciences and Technology. All Rights Reserved.